Banjamin Franklin the first Mr. American (Record no. 553460)
[ view plain ]
| 000 -LEADER | |
|---|---|
| fixed length control field | 00300nam a22001097a 4500 |
| 082 ## - DEWEY DECIMAL CLASSIFICATION NUMBER | |
| Classification number | 920.973 |
| Author Mark | BUR |
| 100 ## - MAIN ENTRY--PERSONAL NAME | |
| Personal name | Burlingame Roger |
| 9 (RLIN) | 50201 |
| 245 ## - TITLE STATEMENT | |
| Title | Banjamin Franklin the first Mr. American |
| Statement of responsibility, etc. | Roger,Burlingame |
| 526 ## - STUDY PROGRAM INFORMATION NOTE | |
| Program name | 0 |
| Interest level | 0 |
| Reading level | 0 |
| Title point value | 920_973000000000000_BUR |
| 650 ## - SUBJECT ADDED ENTRY--TOPICAL TERM | |
| Topical term or geographic name entry element | MCE |
| 9 (RLIN) | 379 |
| 942 ## - ADDED ENTRY ELEMENTS (KOHA) | |
| Source of classification or shelving scheme | |
| Koha item type | Book |
| Withdrawn status | Lost status | Source of classification or shelving scheme | Damaged status | Not for loan | Permanent Location | Current Location | Shelving location | Date acquired | Total Checkouts | Full call number | Barcode | Date last seen | Price effective from | Koha item type |
|---|---|---|---|---|---|---|---|---|---|---|---|---|---|---|
| Military College of Engineering (MCE) | Military College of Engineering (MCE) | 02/11/2015 | 920.973 BUR | MCE-MCB/4.1 | 02/11/2015 | 02/11/2015 | Book |
